Descubrimiento de América y universalismo sacro-histórico / (Registro nro. 168963)

Detalles MARC
000 -LEADER
campo de control de longitud fija 00871nam a22002055i 4500
001 - NÚMERO DE CONTROL
campo de control 168963
003 - IDENTIFICADOR DE NÚMERO DE CONTROL
campo de control ES-MaACL
005 - FECHA Y HORA DE LA ÚLTIMA TRANSACCIÓN
campo de control 20250730153549.0
008 - DATOS DE LONGITUD FIJA--INFORMACIÓN GENERAL
campo de control de longitud fija 080707s1994 sp |||| | spa d
080 ## - NÚMERO DE LA CLASIFICACIÓN DECIMAL UNIVERSAL
Número de la Clasificación Decimal Universal 910.4(7/8)"14"
100 1# - ENTRADA PRINCIPAL--NOMBRE DE PERSONA
Nombre de persona Pérez de Tudela y Bueso, Juan,
Fechas asociadas al nombre 1922-2004
9 (RLIN) 90810
245 10 - MENCIÓN DEL TÍTULO
Título Descubrimiento de América y universalismo sacro-histórico /
Mención de responsabilidad, etc. Juan Pérez de Tudela y Bueso.
260 ## - PUBLICACIÓN, DISTRIBUCIÓN, ETC.
Lugar de publicación, distribución, etc. [Madrid] :
Nombre del editor, distribuidor, etc. Real Academia de la Historia,
Fecha de publicación, distribución, etc. [1994?]
300 ## - DESCRIPCIÓN FÍSICA
Extensión p. [299]-419 ;
Dimensiones 24 cm.
500 ## - NOTA GENERAL
Nota general Separata del libro: II Congreso de Academias Iberoamericanas de la Historia.
651 #4 - PUNTO DE ACCESO ADICIONAL DE MATERIA--NOMBRE GEOGRÁFICO
Nombre geográfico América española-
Subdivisión general Historia-
Subdivisión cronológica 1492-1600 (Descubrimiento y conquista)
9 (RLIN) 7724
711 2# - ENTRADA AGREGADA--NOMBRE DE REUNIÓN
Nombre de congreso/reunión o jurisdicción como elemento de entrada Congreso de Academias Iberoamericanas de la Historia (
Número del congreso/reunión o número de parte o sección 2º.
Fecha del congreso o de la firma del tratado 1992.
Sede del congreso/Lugar de la reunión Madrid)
9 (RLIN) 138085
852 ## - LOCALIZACIÓN
Ubicación ES-MaACL
Número de control de estantería 2232-F-3
itemnumber R.142408
Existencias
Estatus retirado Estado de pérdida Estado de daño No para préstamo Colección Biblioteca de origen Biblioteca actual Ubicación en estantería Fecha de adquisición Fuente de adquisición Total de préstamos Signatura topográfica completa Código de barras Visto por última vez Precio de reemplazo Tipo de ítem Koha
        Colección de folletos Biblioteca del Ateneo de Madrid Biblioteca del Ateneo de Madrid Depósito folletos 07/07/2008     2232-F-3 1177333 23/02/2023 23/02/2023 Folleto